000 00958nam a2200301Ia 4500
001 Z_2159
003 CHAP
008 220113s1995 xx 000 0 und d
010 _a165215
040 _cCHAP
090 _aTesis H 1006
100 _aHernández Dimas, José Alberto
_953950
245 _aArcillas naturales, antibiótico y desparasitante como promotores de crecimiento en dietas para lechones /
_cpor José Alberto Hernández Dimas
260 _aChapingo, Méx. :
_bEl autor,
_c1995
300 _a56 h.
502 _aTesis (Ing. Agr. Esp. en Zootecnia) -- UACH. Departamento de Zootecnia
650 _aAntibióticos en nutrición animal
_96052
650 _aArcilla
_96822
650 _aGanado porcino
_xCrecimiento
_945349
650 _aGanado porcino
_xNutrición
_945390
650 _aLechones
_xAlimentación
_965444
901 _aTESIS H 1006
902 _aM
910 _a1995
942 _c2
942 _c2
999 _c165215
_d165215